Co ciebie denerwuje w kinie? - Statystyki

Ogólne statystyki
  • Ten quiz został rozwiązany 28 razy
  • Średni wynik to 1 z 6
Statystyki odpowiedzi
Odpowiedź % Poprawnych
Reklamy
70%
Popcorn
35%
Telefon
15%
Głośne rozmowy
5%
Niewygodny Fotel
0%
Zasłanianie
0%
Nie znaleziono quizów pasujących do podanych kryteriów
Rozkład punktacji
Procent ludzi z każdym wynikiem
Percentyl według liczby udzielonych odpowiedzi
Twoja historia wyników
Nie rozwiązałeś tego quizu